| 000 | 00668cam a2200205 a 4500 | ||
|---|---|---|---|
| 001 | 000008881 | ||
| 005 | 20200929161430.0 | ||
| 008 | 870530s1972 ve 000 f spa c | ||
| 040 |
_aDO-SdBNP _dBNPHU |
||
| 082 |
_aV863.4 _bF113m |
||
| 100 | 1 |
_aFabbiani Ruiz, José, _d1911- _923430 |
|
| 245 | 1 | 0 |
_aMar de leva / _cJosé Fabbiani Ruiz. |
| 260 |
_aCaracas, (Venezuela) : _bMonte Ávila, _c1972. |
||
| 300 |
_a144 p. : _bplates. ; _c16 cm. |
||
| 490 | 1 |
_aBiblioteca popular eldorado _v33 |
|
| 650 | 4 |
_aNovela venezolana _93962 |
|
| 650 | 4 |
_aLiteratura venezolana _ySIGLO XX _99777 |
|
| 830 | 0 |
_aBiblioteca popular eldorado ; _v33. _916894 |
|
| 910 | _aCatalogación derivada. | ||
| 999 |
_c8650 _d8650 |
||